000 003750000a22001450004500
003 MACL
040 _aMACL
090 _c1923
_d1923
100 _aAcharya, Madhava
245 _aThe Sarva D̜arsana S̜amgraha
_bReview Of The Defferent Systems Of Hindu Philosophy
260 _aDelhi
_bMotilal Banarasidass
_c1996
350 _a245
650 _aPhilosophy
942 _cBOOK
_k100
999 _c1910
_d1910